| 000 | 01600cam a2200373 a 4500 | ||
|---|---|---|---|
| 999 |
_c174677 _d174677 |
||
| 001 | 12721567 | ||
| 003 | Nust | ||
| 005 | 20170207092226.0 | ||
| 008 | 020327s2002 nyub b 000 1 eng | ||
| 010 | _a 2002066027 | ||
| 020 | _a9780140436228 (pbk.) | ||
| 040 |
_aDLC _cDLC _dDLC |
||
| 043 | _ae-uk-en | ||
| 050 | 0 | 0 |
_aPR3454 _b.H5 2002 |
| 082 | 0 | 0 |
_a823.5 _bFIE |
| 100 | 1 |
_aFielding, Henry, _d1707-1754. |
|
| 240 | 1 | 0 | _aHistory of Tom Jones |
| 245 | 1 | 4 |
_aThe history of Tom Jones, a foundling / _cHenry Fielding |
| 260 |
_aNew York : _bModern Library, _c2005. |
||
| 300 |
_axxix, 973 p. _bmap ; _c21 cm. |
||
| 440 | 4 | _aThe Modern Library classics | |
| 504 | _aIncludes bibliographical references. | ||
| 650 | 0 |
_aIdentity (Psychology) _vFiction. |
|
| 650 | 0 |
_aFoundlings _vFiction. |
|
| 650 | 0 |
_aYoung men _vFiction. |
|
| 651 | 0 |
_aEngland _vFiction. |
|
| 655 | 7 |
_aHumorous fiction. _2gsafd |
|
| 655 | 7 |
_aBildungsromans. _2gsafd |
|
| 700 | 1 |
_aBowers, Fredson, _eeditor. |
|
| 700 | 1 | _aBattestin, Martin C. | |
| 856 | 4 | 2 |
_3Contributor biographical information _uhttp://www.loc.gov/catdir/bios/random054/2002066027.html |
| 856 | 4 | 2 |
_3Publisher description _uhttp://www.loc.gov/catdir/description/random048/2002066027.html |
| 906 |
_a7 _bcbc _corignew _d1 _eocip _f20 _gy-gencatlg |
||
| 942 |
_2ddc _cBK |
||